Catálogo
 En Linea

De la carta magna a la constitución norteamericana : (Registro nro. 23558)

Detalles MARC
000 -CABECERA
campo de control de longitud fija 00955nam a2200229 a 4500
001 - NÚMERO DE CONTROL
campo de control 000024063
005 - FECHA Y HORA DE LA ÚLTIMA TRANSACCIÓN
campo de control 20240411190152.0
008 - DATOS DE LONGITUD FIJA--INFORMACIÓN GENERAL
campo de control de longitud fija 110118s1972 ag r 001 0 spa d
040 ## - FUENTE DE LA CATALOGACIÓN
Centro catalogador/agencia de origen DO-SdBNP
Lengua de catalogación spa
Centro/agencia transcriptor BNPHU
082 ## - NÚMERO DE LA CLASIFICACIÓN DECIMAL DEWEY
Número de clasificación 342.73
Número de documento/Ítem S966d
049 ## - FONDOS LOCALES (OCLC)
Fondos de biblioteca BNGR
100 1# - ENTRADA PRINCIPAL--NOMBRE DE PERSONA
Nombre de persona sutherland, Arthur E.
9 (RLIN) 49440
245 10 - MENCIÓN DE TÍTULO
Título De la carta magna a la constitución norteamericana :
Resto del título ideas fundamentales sobre constitucionalismo /
Mención de responsabilidad, etc. Arthur E. Sutherland ; traducción José Clementi.
260 ## - PUBLICACIÓN, DISTRIBUCIÓN, ETC.
Lugar de publicación, distribución, etc. Buenos Aires, Argentina :
Nombre del editor, distribuidor, etc. Tipográfica Editora Argentina,
Fecha de publicación, distribución, etc. 1972.
300 ## - DESCRIPCIÓN FÍSICA
Extensión 670 p. ;
Dimensiones 23 cm.
500 ## - NOTA GENERAL
Nota general Incluye índice de materias.
504 ## - NOTA DE BIBLIOGRAFÍA, ETC.
Nota de bibliografía, etc. Incluye referencias bibliográficas y notas al pie de las páginas.
534 ## - NOTA SOBRE LA VERSIÓN ORIGINAL
Encabezamiento principal del original constitucionalism in america, fundamental ideas, origin and evolution of its
650 #4 - PUNTO DE ACCESO ADICIONAL DE MATERIA--TÉRMINO DE MATERIA
Término de materia o nombre geográfico como elemento de entrada Estados unidos
Subdivisión general Historia constitucional
9 (RLIN) 49441
650 #0 - PUNTO DE ACCESO ADICIONAL DE MATERIA--TÉRMINO DE MATERIA
Término de materia o nombre geográfico como elemento de entrada Historia constitucional
9 (RLIN) 49442
700 1# - PUNTO DE ACCESO ADICIONAL--NOMBRE DE PERSONA
Nombre de persona Clementi, José,
Término indicativo de función/relación tr.
9 (RLIN) 41126
Existencias
Estado de retiro Estado de pérdida Restricciones de uso No para préstamo Código de colección Localización permanente Ubicación/localización actual Ubicación en estantería Fecha de adquisición Número de inventario Total de préstamos Signatura topográfica completa Código de barras Fecha visto por última vez Precio válido a partir de Tipo de ítem Koha
        Monografías: Libros y Folletos General General En catalogación 18.01.2011 LF1   342.73 S966d 24063-10 25.06.2020 25.06.2020 Préstamo en sala

Con tecnología Koha